Every Song by Pierce the Veil - Statistics

General Stats
  • This quiz has been taken 644 times
    276 since last reset
  • The average score is 44 of 61
Answer Stats
Album Song % Correct
Collide with the Sky(2012) Hell Above
90%
Collide with the Sky(2012) King for a Day
89%
Misadventures(2016) Circles
87%
Collide with the Sky(2012) Hold on Till May
85%
A Flair for the Dramatic(2007) Yeah Boy and Doll Face
84%
Collide with the Sky(2012) Bulls in the Bronx
83%
Collide with the Sky(2012) I'm Low on Gas and You Need a Jacket
82%
Selfish Machines(Bonus)(2010) Kissing in Cars
82%
Selfish Machines(2010) Caraphernelia
80%
Misadventures(2016) Dive In
80%
Collide with the Sky(2012) A Match into Water
78%
A Flair for the Dramatic(2007) Drella
78%
Selfish Machines(2010) The Boy Who Could Fly
78%
The Jaws of Life(2023) The Jaws of Life
78%
Selfish Machines(2010) Besitos
77%
A Flair for the Dramatic(2007) Chemical Kids and Mechanical Brides
77%
Misadventures(2016) Floral & Fading
77%
The Jaws of Life(2023) Pass the Nirvana
77%
Misadventures(2016) Song for Isabelle
77%
A Flair for the Dramatic(2007) I'd Rather Die Than Be Famous
76%
Selfish Machines(2010) Southern Constellations
76%
Selfish Machines(2010) Disasterology
75%
The Jaws of Life(2023) So Far So Fake
75%
A Flair for the Dramatic(2007) Diamonds and Why Men Buy Them
74%
Selfish Machines(2010) I Don't Care If You're Contagious
74%
Selfish Machines(2010) Million Dollar Houses (The Painter)
74%
Misadventures(2016) Texas is Forever
74%
The Jaws of Life(2023) Emergency Contact
72%
Collide with the Sky(2012) One Hundred Sleepless Nights
72%
Misadventures(2016) Sambuka
72%
A Flair for the Dramatic(2007) The Cheap Bouquet
72%
Selfish Machines(2010) The New National Anthem
72%
Selfish Machines(2010) The Sky Under the Sea
72%
A Flair for the Dramatic(2007) Wonderless
72%
Selfish Machines(2010) Bulletproof Love
71%
The Jaws of Life(2023) Death of an Executioner
71%
Collide with the Sky(2012) May These Noises Startle You in Your Sleep Tonight
70%
Collide with the Sky(2012) Props & Mayhem
70%
Selfish Machines(2010) Stay Away from My Friends
70%
The Jaws of Life(2023) 12 Fractures
69%
A Flair for the Dramatic(2007) Currents Convulsive
69%
A Flair for the Dramatic(2007) The Balcony Scene
69%
Selfish Machines(2010) Fast Times at Clairemont High
68%
Non-Album(2025) Kiss Me Now
68%
Collide with the Sky(2012) Stained Glass Eyes and Colorful Tears
68%
Collide with the Sky(2012) Tangled in the Great Escape
68%
Misadventures(2016) Today I Saw the Whole World
68%
Misadventures(2016) Gold Medal Ribbon
67%
Misadventures(2016) The Divine Zero
66%
Collide with the Sky(2012) The First Punch
66%
Misadventures(2016) Bedless
64%
A Flair for the Dramatic(2007) Falling Asleep on a Stranger
64%
A Flair for the Dramatic(2007) She Sings in the Morning
62%
Misadventures(2016) Phantom Power and Ludicrous Speed
61%
The Jaws of Life(2023) Damn the Man, Save the Empire
59%
The Jaws of Life(2023) Even When I'm Not with You
59%
The Jaws of Life(2023) Flawless Execution
59%
The Jaws of Life(2023) Resilience
59%
The Jaws of Life(2023) Shared Trauma
59%
Selfish Machines(Bonus)(2010) She Makes Dirty Words Sound Pretty
51%
The Jaws of Life(2023) Irrational Fears (Interlude)
49%
No matching quizzes found
Score Distribution
Percent of People with Each Score
Percentile by Number Answered
Your Score History
You have not taken this quiz since the last reset